| 000 | 00404nam a2200145Ia 4500 | ||
|---|---|---|---|
| 005 | 20250405110135.0 | ||
| 008 | 240331s9999 xx 000 0 und d | ||
| 082 |
_bSIV _a894 |
||
| 100 | _aSivakumaran, K.S. | ||
| 245 | 0 |
_aPaththi eluththukkalum pal thirattukalum : _bthiranaivuppaarvaihal |
|
| 260 |
_aColombo _bSevwandi Pvt Ltd _c1996 |
||
| 300 | _ax, 129 p ., | ||
| 650 | _aCritical Insights | ||
| 942 | _cL | ||
| 999 |
_c3769 _d3769 |
||